The Companies general rules and forms and regulation / (Record no. 463593)

MARC details
000 -LEADER
fixed length control field 00814nam a2200265 a 4500
001 - CONTROL NUMBER
control field vtls001193391
003 - CONTROL NUMBER IDENTIFIER
control field NLI
005 - DATE AND TIME OF LATEST TRANSACTION
control field 20210603151054.0
008 - FIXED-LENGTH DATA ELEMENTS--GENERAL INFORMATION
fixed length control field 120328s1956 ii f001 0 eng d
039 #9 - LEVEL OF BIBLIOGRAPHIC CONTROL AND CODING DETAIL [OBSOLETE]
-- 201203281648
-- VLOAD
040 ## - CATALOGING SOURCE
Original cataloging agency NLI
Language of cataloging eng
Transcribing agency Entertech IMP - 2012
Description conventions AACR2
041 0# - LANGUAGE CODE
Language code of text/sound track or separate title eng
044 ## - COUNTRY OF PUBLISHING/PRODUCING ENTITY CODE
MARC country code ii
084 ## - OTHER CLASSIFICATION NUMBER
Classification number 171.A.2759
100 1# - MAIN ENTRY--PERSONAL NAME
Personal name Rangaswami, M. R.
9 (RLIN) 65650
245 14 - TITLE STATEMENT
Title The Companies general rules and forms and regulation /
Statement of responsibility, etc. by M. R. Rangaswami
260 ## - PUBLICATION, DISTRIBUTION, ETC.
Place of publication, distribution, etc. Allahabad:
Name of publisher, distributor, etc. Law Book,
Date of publication, distribution, etc. 1956
300 ## - PHYSICAL DESCRIPTION
Extent vi, 90 p.;
Dimensions 24 cm.
887 ## - NON-MARC INFORMATION FIELD
Content of non-MARC field
901 ## - LOCAL DATA ELEMENT A, LDA (RLIN)
a 311707:
b 03.09.1956
902 ## - LOCAL DATA ELEMENT B, LDB (RLIN)
a 171.A.2759
942 ## - ADDED ENTRY ELEMENTS (KOHA)
Source of classification or shelving scheme Dewey Decimal Classification
Koha item type Books
949 ## - LOCAL PROCESSING INFORMATION (OCLC)
-- VIRTUAITEM
-- 10000
-- 100
6 IMP000311707ENG
Holdings
Withdrawn status Lost status Damaged status Not for loan Home library Current library Date acquired Total Checkouts Full call number Barcode Date last seen Price effective from Koha item type
        National Library of India National Library of India     171.A.2759 IMP000311707ENG 03/06/2021 03/06/2021 Books
                                                                           
web counter

Copyright ©2020 The National Library of India, Govt. of India ↔ Hosted by NVLI, MOC ↔ Technology and Design by National Library of India, Ministry of Culture, Govt. of India